The inconstant gene /

Bibliographic Details
Main Author: Dillon, Lawrence S.
Format: Book
Language:English
Published: New York : Plenum Press, [1983]
Series:Dillon, Lawrence S. Evolution and functioning of the genetic mechanism.
Subjects:

MARC

Tag First Indicator Second Indicator Subfields
LEADER 00000cam a2200000Ea 4500
001 in00004459939
005 20210818135006.0
008 820930s1983 nyua b 00110 eng d
010 |a  82020414  
020 |a 0306410842 
035 |a (OCoLC)08845434 
035 |9 AAB9333MS 
035 |z (UtOrBLW)6749 
035 |a 10648 
040 |a NLM  |c NLM  |d OCL  |d TMV  |d UtOrBLW 
049 |a TMVM  |c 1 
060 4 |a QH 450  |b D579i 1983 
100 1 |a Dillon, Lawrence S. 
245 1 4 |a The inconstant gene /  |c Lawrence S. Dillon. 
264 1 |a New York :  |b Plenum Press,  |c [1983] 
264 4 |c ©1983 
300 |a viii, 581 pages :  |b illustrations ;  |c 24 cm. 
336 |a text  |2 rdacontent  |b txt 
337 |a unmediated  |2 rdamedia 
338 |a volume  |2 rdacarrier  |b nc 
490 1 |a Evolution and functioning of the genetic mechanism 
500 |a Includes index. 
504 |a Bibliography: pages 447-569. 
599 |a Index terms: Appendages, in amphibians and in avians; Blastula, in amphibians and in echinoderms; Circadian rhythms, in invertebrates; Clevage, in amphibians, in birds, in echinoderms, in mammals, in mollusks, and in reptiles; Crustacea, circadian rhythms in; Differentiation, in Artemia, in Hydra, in invertebrates, in vertebrates; DNA synthesis, in mammalian embryogenesis; Egg, penetration of, in mammals; Embryogenesis, blastula stage, in amphibians, in enchinoderms, and in mammals; Embryogenesis, early stages of, in amphibians, in birds, in echinoderms, in insects, in mammals, in mollusks, and in reptiles; Embryogenesis, gastrula, in amphibians, in Artemia, in echinoderms, in insects, and in mammals; Embryogenesis, later stages, in birds; Embryogenesis, neuronal stage, in amphibians and in mammals; Embryogenesis, positional effects on, in amphibians, in birds, and in mammals; Gartrula, in amphibians, in echinoderms, in insects, and in mammals; Nerula, in amphibians, in birds, and in mammals; Oogenesis, in amphibians and in mollusks; Primative streak, in birds and in mammals; Pronucleus, movement of, in echinoderms and in mammals; Protein synthesis, rate changes, in vertebrate embryos; Reproductive processes, circannual cycles in birds; Aperm, attachment of in mammals; Sperm, penetration by, in mammals; Vitellogenesis, in amphibians, in birds, in insects, and in mammals 
650 2 |a Gene Expression Regulation. 
800 1 |a Dillon, Lawrence S.  |t Evolution and functioning of the genetic mechanism. 
948 |a Keep per EC, 2003 evaluation; retention reasons in 505, 520, 599, or 650 fields; 06/01/2004, ngb. 
999 |a MARS 
999 f f |s 11885c48-fd3e-3f65-ab98-fb4576f415c2  |i 0e879d80-40b0-386f-a297-cafa7049d7df  |t 0 
952 f f |p ric  |a Texas A&M University  |b Rellis Campus  |c Joint Library Facility  |d Remote Storage  |t 0  |e QH 450 D579i 1983  |h National Library of Medicine classification  |i unmediated -- volume  |m 323890015221- 
998 f f |a QH 450 D579i 1983  |t 0  |l Remote Storage